|
|
|
|
| LEADER |
00704cam a2200205 7i4500 |
| 001 |
0000025756 |
| 005 |
20170530090000.0 |
| 008 |
090129 eng |
| 020 |
|
|
|a 0495092096 (pbk.)
|
| 020 |
|
|
|a 9780495092094 (pbk.)
|
| 090 |
0 |
0 |
|a BF637.C6
|b K68 2008
|
| 100 |
1 |
|
|a Kottler, Jeffrey A
|
| 245 |
1 |
0 |
|a Introduction to counselling :
|b voices from the feild
|c Kottler.
|
| 250 |
|
|
|a 6th ed.
|
| 260 |
|
|
|a Australia:
|b Thomson / Brooks/Cole,
|c 2008.
|
| 300 |
|
|
|a xx, 572 p.;
|c 24 cm.
|
| 650 |
0 |
0 |
|a Counseling
|
| 997 |
|
|
|a Education & Social Sciences, Faculty
|b Social Sciences, Department
|
| 998 |
|
|
|a Industrial Psychology, Degree
|
| 999 |
|
|
|a 0000032664
|b BOK
|c OPEN SHELF
|e 1st Floor, Bestari Jaya
|